000 01132nam a22002777a 4500
003 OSt
005 20221202125930.0
007 cr ||||||a|c|a
008 221201s 2021mx ||||fom||| 001 0 spa d
040 _erda
100 1 _9135669
_aGalván Manuel, Oscar
245 1 _aMercados de futuro de café, una opción de cobertura de precios para los productores mexicanos /
_cpor Óscar Galván Manuel; director de tesis Gerónimo Barrios Puente
264 _aChapingo, México :
_bEl autor,
_c2021.
300 _a1 recurso en línea (81 páginas).
336 _2rdacontent
_atexto
_btxt
337 _2rdamedia
_acomputadora
_bc
338 _2rdacarrier
_arecurso en línea
_bcr
502 _bMCEARN
_cDICEA
_d2021.
_gMAE
504 _aIncluye referencias bibliográficas: páginas 77-79
650 7 _917187
_aCafé
_xPrecios
650 0 _9155791
_aCafé
_xComercialización
650 7 _917144
_aCafé
_xExportación
700 0 _910529
_aBarrios Puente, Gerónimo
_eDirector de tesis
856 _uhttp://10.13.5.2/tesis/tm/2021_EA_Galvan_Manuel_Oscar.pdf
_zDESCARGAR PDF
942 _2Clasificación Universidad Autónoma Chapingo
_cTD
999 _c217913
_d217913